Statistics for The 25 largest population centres in Canada

Click here to take the quiz!

General Stats

  • This quiz has been taken 164 times
  • The average score is 16 of 25

Answer Stats

Population as of 2011Population Centre% Correct
5,132,794Toronto, Ontario
99%
2,135,201Vancouver, British Columbia
96%
960,015Edmonton, Alberta
94%
3,407,963Montreal, Quebec
94%
933,596Ottawa–Gatineau, Ontario/Quebec
93%
1,095,404Calgary, Alberta
92%
696,946Quebec City, Quebec
90%
671,551Winnipeg, Manitoba
90%
297,943Halifax, Nova Scotia
83%
192,756Regina, Saskatchewan
80%
222,035Saskatoon, Saskatchewan
76%
316,327Victoria, British Columbia
73%
670,580Hamilton, Ontario
69%
366,191London, Ontario
69%
276,165Windsor, Ontario
65%
165,346St. John's, Newfoundland and Labrador
63%
309,319St. Catharines–Niagara, Ontario
50%
444,681Kitchener, Ontario
45%
141,767Kelowna, British Columbia
37%
290,937Oshawa, Ontario
33%
140,628Sherbrooke, Quebec
31%
166,634Barrie, Ontario
30%
126,460Trois-Rivières, Quebec
28%
122,362Guelph, Ontario
27%
149,855Abbotsford, British Columbia
21%

Score Distribution

Percentile by Number Answered

Percent of People with Each Score

Your Score History

You have not taken this quiz